000 01548nam a22001937a 4500
999 _c25553
_d25553
020 _a9783319542010
082 _a320.01
_bGEN-
245 _aGender in human rights and Transitional justice
260 _aCham
_bPalgrave Macmillan
_c 2018
300 _a xix, 272p.
440 _aCrossing boundaries of gender and politics in the global south
504 _aInclude Index
520 _aThis volume counters one-sided dominant discursive representations of gender in human rights and transitional justice, and women's place in the transformations of neoliberal human rights, and contributes a more balanced examination of how transitional justice and human rights institutions and political institutions impact the lives and experiences of women. Using a multidisciplinary approach, the contributors to this volume theorize and historicize the place of women's rights (and gender), situating it within contemporary country-specific political, legal, socio-cultural and global contexts. Chapters examine the progress and challenges facing women (and women's groups) in transitioning countries: from Peru to Argentina, from Kenya to Sierra Leone, and from Bosnia to Sri Lanka, in a variety of contexts, attending especially to the relationships between local and global forces.
546 _a
650 _aTransitional justice
_vPost-conflict societies
_vWomen -- Legal status
_vWomen's rights
_vHuman rights
_vGender
_vNation-building
700 _aLahai, John Idriss
700 _aMoyo, Khanyisela
942 _2ddc
_cBK